Statistics for Највеће државе по површини и броју становника

Click here to take the quiz!

General Stats

  • This quiz has been taken 1 034 times
  • The average score is 22 of 31

Answer Stats

Држава% Correct
Русија
100%
Кина
99%
Индија
97%
САД
96%
Бразил
96%
Канада
95%
Аустралија
86%
Немачка
85%
Јапан
85%
Аргентина
85%
Мексико
83%
Индонезија
77%
Египат
76%
Казахстан
75%
Алжир
72%
Пакистан
71%
Турска
70%
Нигерија
69%
Монголија
67%
Иран
66%
Д.Р. Конго
65%
Саудијска Арабија
63%
Бангладеш
51%
Либија
49%
Судан
49%
Етиопија
46%
Филипини
44%
Тајланд
42%
Чад
41%
Вијетнам
40%
Перу
39%

Score Distribution

Percentile by Number Answered

Percent of People with Each Score

Your Score History

You have not taken this quiz